[Event "Stuttgart-chA"]
[Site "Stuttgart"]
[Date "2004.??.??"]
[Round "?"]
[White "Werthebach, Felix"]
[Black "Nichelmann, Nils"]
[Result "0-1"]
[WhiteElo "1700"]
[BlackElo "2025"]
[PlyCount "106"]
[EventDate "2004.05.20"]
[EventType "swiss"]
[EventRounds "7"]
[EventCountry "GER"]
[SourceTitle "EXT 2007"]
[Source "ChessBase"]
[SourceDate "2006.11.23"]
[SourceVersion "1"]
[SourceVersionDate "2006.11.23"]
[SourceQuality "1"]

1. Nf3 Nf6 2. g3 b6 3. Bg2 Bb7 4. d3 e6 5. Nbd2 Be7 6. 0-0 0-0 7. e4 d6 8. h3 Nbd7 9. Nc4 c5 10. Kh2 b5 11. Ne3 Nb6 12. Nd2 Qc7 13. f4 c4 14. Nf3 Nfd7 15. f5 d5 16. Nd4 e5 17. Ne2 dxe4 18. dxe4 Nf6 19. Nc3 Rfd8 20. Qf3 b4 21. Ncd5 Nbxd5 22. Nxd5 Nxd5 23. exd5 Bxd5 24. Qg4 f6 25. Bxd5+ Rxd5 26. Bh6 Bf8 27. Rad1 Rad8 28. Be3 a5 29. Qe2 c3 30. b3 Qd6 31. Qc4 Kh8 32. Rxd5 Qxd5 33. Qxd5 Rxd5 34. Kg2 e4 35. g4 Bd6 36. Kf2 g6 37. fxg6 hxg6 38. Ke2 Kg7 39. Rd1 Rxd1 40. Kxd1 Bc7 41. Ke2 f5 42. Bd4+ Kh6 43. Bf6 f4 44. h4 Kh7 45. Bg5 Kg7 46. h5 gxh5 47. gxh5 f3+ 48. Kf1 Bb6 49. h6+ Kg6 50. Bf4 e3 51. Ke1 e2 52. Bc1 Bd8 53. Be3 Bh4+ 0-1

[Event "GER-chT U20"]
[Site "Ditzingen"]
[Date "2003.12.29"]
[Round "6.5"]
[White "Karmann, Alexander"]
[Black "Nichelmann, Nils"]
[Result "0-1"]
[WhiteElo "1774"]
[BlackElo "2028"]
[PlyCount "58"]
[EventDate "2003.12.27"]
[EventType "team-swiss"]
[EventRounds "7"]
[EventCountry "GER"]
[SourceTitle "EXT 2022"]
[Source "ChessBase"]
[SourceDate "2021.10.06"]
[SourceVersion "1"]
[SourceVersionDate "2021.10.06"]
[SourceQuality "1"]
[WhiteTeam "Porz SG U20"]
[BlackTeam "Hettstedt U20"]
[WhiteTeamCountry "GER"]
[BlackTeamCountry "GER"]

1. e4 c5 2. Nf3 Nc6 3. d4 cxd4 4. Nxd4 Nf6 5. Nc3 e6 6. a3 Qb6 7. Nxc6 bxc6 8. e5 Nd5 9. Nxd5 cxd5 10. Bd3 Ba6 11. 0-0 Bxd3 12. Qxd3 d6 13. exd6 Bxd6 14. b4 Be5 15. Rb1 0-0 16. Bb2 Bxb2 17. Rxb2 Rfc8 18. Rc1 Rc4 19. Rb3 Rac8 20. Qd2 Qc6 21. Rb2 Rc3 22. Ra2 Qa4 23. g3 R8c4 24. Kg2 h6 25. h4 Rxa3 26. Rxa3 Qxa3 27. c3 d4 28. Rc2 Rxc3 29. Ra2 Qxb4 0-1

[Event "GER-chT U20"]
[Site "Ditzingen"]
[Date "2003.12.29"]
[Round "5.5"]
[White "Nichelmann, Nils"]
[Black "Iounoussov, Maksim"]
[Result "1-0"]
[WhiteElo "2028"]
[BlackElo "2096"]
[PlyCount "63"]
[EventDate "2003.12.27"]
[EventType "team-swiss"]
[EventRounds "7"]
[EventCountry "GER"]
[SourceTitle "EXT 2022"]
[Source "ChessBase"]
[SourceDate "2021.10.06"]
[SourceVersion "1"]
[SourceVersionDate "2021.10.06"]
[SourceQuality "1"]
[WhiteTeam "Hettstedt U20"]
[BlackTeam "Bochum SG 31 U20"]
[WhiteTeamCountry "GER"]
[BlackTeamCountry "GER"]

1. e4 c5 2. Nc3 e6 3. d3 Nc6 4. g3 g6 5. Bg2 Bg7 6. f4 Nge7 7. Nf3 d5 8. 0-0 0-0 9. Ne2 Qc7 10. c3 Bd7 11. Be3 b6 12. g4 dxe4 13. dxe4 Rad8 14. Qe1 f5 15. gxf5 gxf5 16. e5 Bc8 17. Qh4 h6 18. Ng3 Nd5 19. Bf2 Ba6 20. Rfd1 Qe7 21. Nh5 Qxh4 22. Bxh4 Rc8 23. Nxg7 Kxg7 24. Bg3 Rfd8 25. Kf2 Na5 26. Nh4 Bb7 27. Rd3 Rd7 28. Rad1 Rcd8 29. Nxf5+ exf5 30. Bh4 Re8 31. Bxd5 Ba6 32. Rg3+ 1-0

[Event "Stuttgart-chA"]
[Site "Stuttgart"]
[Date "2003.??.??"]
[Round "?"]
[White "Nichelmann, Nils"]
[Black "Braun, Ruediger Thomas"]
[Result "1-0"]
[WhiteElo "1995"]
[BlackElo "2175"]
[PlyCount "35"]
[EventDate "2003.??.??"]
[EventType "swiss"]
[EventRounds "9"]
[EventCountry "GER"]
[SourceTitle "EXT 2007"]
[Source "ChessBase"]
[SourceDate "2006.11.23"]
[SourceVersion "1"]
[SourceVersionDate "2006.11.23"]
[SourceQuality "1"]

1. e4 e5 2. Nf3 Nc6 3. d4 exd4 4. Nxd4 Bc5 5. Be3 Nxd4 6. Bxd4 Bxd4 7. Qxd4 Qf6 8. e5 Qc6 9. Nc3 Ne7 10. 0-0-0 0-0 11. Bd3 f6 12. Qh4 g6 13. Rhe1 Nf5 14. Bxf5 gxf5 15. Nd5 Qa6 16. exf6 Kh8 17. Qg5 Rg8 18. Re8 1-0

[Event "Stuttgart-chA"]
[Site "Stuttgart"]
[Date "2003.??.??"]
[Round "?"]
[White "Nichelmann, Nils"]
[Black "Eisenbeiser, Amadeus"]
[Result "1-0"]
[WhiteElo "1995"]
[BlackElo "2240"]
[PlyCount "50"]
[EventDate "2003.??.??"]
[EventType "swiss"]
[EventRounds "9"]
[EventCountry "GER"]
[SourceTitle "EXT 2007"]
[Source "ChessBase"]
[SourceDate "2006.11.23"]
[SourceVersion "1"]
[SourceVersionDate "2006.11.23"]
[SourceQuality "1"]

1. e4 d6 2. d4 Nf6 3. Bd3 g6 4. Ne2 Bg7 5. 0-0 0-0 6. c3 Nbd7 7. Bg5 h6 8. Bh4 e5 9. Nd2 g5 10. Bg3 Nh5 11. Bc4 Kh8 12. dxe5 dxe5 13. Nf3 Qe7 14. h3 Nc5 15. Qc2 f5 16. exf5 Bxf5 17. Qc1 Ne4 18. Qe3 Nf4 19. Nd2 Nxd2 20. Qxd2 Qe8 21. Nxf4 exf4 22. Bh2 Rd8 23. Qc1 Qc6 24. Bb3 f3 25. g4 Be4 1-0

[Event "Stuttgart-chA"]
[Site "Stuttgart"]
[Date "2003.??.??"]
[Round "?"]
[White "Stanescu, Christian"]
[Black "Nichelmann, Nils"]
[Result "1/2-1/2"]
[WhiteElo "2100"]
[BlackElo "1995"]
[PlyCount "76"]
[EventDate "2003.??.??"]
[EventType "swiss"]
[EventRounds "9"]
[EventCountry "GER"]
[SourceTitle "EXT 2007"]
[Source "ChessBase"]
[SourceDate "2006.11.23"]
[SourceVersion "1"]
[SourceVersionDate "2006.11.23"]
[SourceQuality "1"]

1. c4 Nf6 2. Nc3 e6 3. e4 d5 4. e5 d4 5. exf6 dxc3 6. bxc3 Qxf6 7. d4 c5 8. Nf3 h6 9. Bd3 cxd4 10. cxd4 Bb4+ 11. Kf1 0-0 12. Qe2 Bc3 13. Rb1 Nc6 14. h4 Re8 15. Bg5 hxg5 16. hxg5 Qd8 17. g6 f5 18. Ne5 Nxe5 19. Rh8+ Kxh8 20. Qh5+ Kg8 21. Qh7+ Kf8 22. Qh8+ Ke7 23. Qxg7+ Nf7 24. Qxf7+ Kd6 25. g7 Bxd4 26. Rd1 e5 27. c5+ Kc6 28. Rb1 Bd7 29. Bxf5 Kc7 30. Bxd7 Qxd7 31. Rxb7+ Kxb7 32. Qxd7+ Ka6 33. a4 Rab8 34. c6 Kb6 35. c7 Rbc8 36. f3 Kc5 37. Qb5+ Kd6 38. Qc4 Bb6 1/2-1/2

[Event "JBLN Ost 0102"]
[Site "Germany"]
[Date "2002.01.27"]
[Round "?"]
[White "Nichelmann, Nils"]
[Black "Schmidt, Achim"]
[Result "1-0"]
[WhiteElo "1899"]
[BlackElo "1476"]
[PlyCount "47"]
[EventDate "2002.10.??"]
[EventType "team"]
[EventRounds "9"]
[EventCountry "GER"]
[SourceTitle "EXT 2005"]
[Source "ChessBase"]
[SourceDate "2004.11.15"]
[SourceVersion "1"]
[SourceVersionDate "2004.11.15"]
[SourceQuality "1"]

1. e4 e5 2. Nf3 Nf6 3. d4 exd4 4. e5 Bb4+ 5. c3 dxc3 6. bxc3 Ba5 7. exf6 Qxf6 8. Qe2+ Kf8 9. Qe5 Nc6 10. Qxf6 gxf6 11. Bh6+ Ke8 12. Be2 Rg8 13. 0-0 d6 14. Re1 Be6 15. Bb5 Kd7 16. Bd2 Bd5 17. Nh4 Rg4 18. g3 Rag8 19. Nf5 Re4 20. Ne3 Re5 21. c4 Bxd2 22. Nxd2 Be4 23. Nxe4 Rxe4 24. Nd5 1-0

[Event "JBLN Ost 0102"]
[Site "Germany"]
[Date "2001.10.20"]
[Round "?"]
[White "Schulz, Olaf"]
[Black "Nichelmann, Nils"]
[Result "1-0"]
[WhiteElo "1612"]
[BlackElo "1899"]
[PlyCount "61"]
[EventDate "2002.10.??"]
[EventType "team"]
[EventRounds "9"]
[EventCountry "GER"]
[SourceTitle "EXT 2005"]
[Source "ChessBase"]
[SourceDate "2004.11.15"]
[SourceVersion "1"]
[SourceVersionDate "2004.11.15"]
[SourceQuality "1"]

1. d4 Nf6 2. c4 e6 3. Nc3 Bb4 4. e3 Ne4 5. Qc2 f5 6. Bd3 d5 7. cxd5 exd5 8. Nf3 0-0 9. 0-0 c6 10. Ne5 Bd6 11. Nxe4 Bxe5 12. Ng3 Bxg3 13. hxg3 g6 14. b4 a6 15. a4 Nd7 16. g4 fxg4 17. Bxg6 Qh4 18. Bd3 Nf6 19. e4 dxe4 20. Bc4+ Kg7 21. Bf4 Bf5 22. Qd2 Rad8 23. Be5 Kg6 24. Rae1 Nd7 25. Bd6 Rfe8 26. Qa2 Qf6 27. Bc7 Rc8 28. Bg3 Re7 29. f3 gxf3 30. gxf3 Qg5 31. Qh2 1-0

[Event "JBLN Ost 0102"]
[Site "Germany"]
[Date "2001.10.14"]
[Round "?"]
[White "Nichelmann, Nils"]
[Black "Koeppe, Fabian"]
[Result "0-1"]
[WhiteElo "1899"]
[BlackElo "1669"]
[PlyCount "82"]
[EventDate "2002.10.??"]
[EventType "team"]
[EventRounds "9"]
[EventCountry "GER"]
[SourceTitle "EXT 2005"]
[Source "ChessBase"]
[SourceDate "2004.11.15"]
[SourceVersion "1"]
[SourceVersionDate "2004.11.15"]
[SourceQuality "1"]

1. e4 c5 2. Nf3 Nc6 3. d4 cxd4 4. Nxd4 g6 5. Nxc6 bxc6 6. Qd4 Nf6 7. e5 Qa5+ 8. Nc3 Nd5 9. Bc4 e6 10. Bd2 Bc5 11. Qh4 Nxc3 12. Bxc3 Bb4 13. Qg3 Bb7 14. 0-0 c5 15. Bxb4 cxb4 16. Qf4 Qc5 17. a4 Rc8 18. b3 a6 19. Rad1 Qe7 20. Rd6 Rc6 21. Rfd1 g5 22. Qd2 Rxd6 23. Qxd6 Qxd6 24. Rxd6 Bc6 25. Bxa6 Ke7 26. Rd4 Ra8 27. Bd3 Ra5 28. f3 Rxe5 29. Kf2 h5 30. Rxb4 Rc5 31. Rb8 Ra5 32. Bb5 Kd6 33. Ke3 Kc7 34. Rg8 Bxb5 35. Rxg5 f5 36. axb5 Rxb5 37. Rxh5 f4+ 38. Kxf4 Rxh5 39. g4 Rxh2 40. Ke5 Rxc2 41. g5 Rc3 0-1

[Event "Dresden op 10th"]
[Site "Dresden"]
[Date "2001.07.30"]
[Round "5"]
[White "Schork, Stefan"]
[Black "Nichelmann, Nils"]
[Result "1/2-1/2"]
[WhiteElo "2209"]
[BlackElo "1773"]
[PlyCount "96"]
[EventDate "2001.07.27"]
[EventType "swiss"]
[EventRounds "9"]
[EventCountry "GER"]
[SourceTitle "EXT 2004"]
[Source "ChessBase"]
[SourceDate "2003.11.25"]
[SourceVersion "1"]
[SourceVersionDate "2003.11.25"]
[SourceQuality "1"]

1. d4 Nf6 2. c4 e6 3. Nc3 Bb4 4. Qc2 c5 5. dxc5 Na6 6. a3 Bxc3+ 7. Qxc3 Nxc5 8. Qg3 Nce4 9. Qxg7 Rg8 10. Qh6 Nxf2 11. g3 Nxh1 12. Bg2 Rg6 13. Qe3 Ng4 14. Qc3 Qf6 15. Qxf6 Rxf6 16. Bxh1 Nxh2 17. Nf3 Nxf3+ 18. Bxf3 Rg6 19. Bf4 d5 20. cxd5 exd5 21. Bxd5 Bf5 22. Bxb7 Rd8 23. Rc1 Ke7 24. Rc5 Bg4 25. Bg5+ f6 26. Bf4 Rd7 27. Bc8 Rd4 28. Rc7+ Kd8 29. Bxg4 Rxg4 30. Rxa7 Rd7 31. Ra8+ Ke7 32. b4 Rg7 33. b5 Ke6 34. Ra6+ Kd5 35. Rxf6 Ra7 36. b6 Rxa3 37. Bc7 Rb3 38. Kf2 Re7 39. Rd6+ Kc5 40. Rd2 Kc6 41. Kg2 Rbe3 42. Kf1 Rb3 43. Kf2 Rf7+ 44. Kg2 Re7 45. Kh3 Rbe3 46. Rc2+ Kb7 47. Bd8 Rxe2 48. Rc7+ Rxc7 1/2-1/2